|
|
|
|
| LEADER |
00000nam0a2200000 4500 |
| 001 |
252064 |
| 005 |
20231101232720.0 |
| 010 |
|
|
|a 5376002306
|
| 035 |
|
|
|a (RuTPU)RU\TPU\book\274381
|
| 090 |
|
|
|a 252064
|
| 100 |
|
|
|a 20140226d1989 k y0rusy50 ca
|
| 101 |
0 |
|
|a rus
|
| 102 |
|
|
|a MD
|
| 105 |
|
|
|a a z 101zy
|
| 200 |
1 |
|
|a Четвертичный период. Палеогеография и литология
|e сборник научных трудов XXVIII Международного геологического конгресса, г. Вашингтон, 9-19 июля 1989 г.
|f Академия наук Молдавской ССР (АН МССР), Отдел географии, Комиссия по изучению четвертичного периода ; под ред. А. Л. Яншина
|
| 210 |
|
|
|a Кишинев
|c Штиинца
|d 1989
|
| 215 |
|
|
|a 254 с.
|c ил.
|
| 320 |
|
|
|a Библиогр. в конце ст.
|
| 606 |
1 |
|
|a Четвертичные отложения
|2 stltpush
|3 (RuTPU)RU\TPU\subj\18734
|9 44113
|
| 610 |
1 |
|
|a геология
|
| 610 |
1 |
|
|a палеогеография
|
| 610 |
1 |
|
|a литология
|
| 610 |
1 |
|
|a четвертичный период
|
| 610 |
1 |
|
|a Молдавия
|
| 610 |
1 |
|
|a антропогенез
|
| 610 |
1 |
|
|a Украина
|
| 610 |
1 |
|
|a Русская равнина
|
| 610 |
1 |
|
|a Сибирь
|
| 610 |
1 |
|
|a Предкарпатье
|
| 610 |
1 |
|
|a климатические изменения
|
| 610 |
1 |
|
|a хроностратиграфия
|
| 610 |
1 |
|
|a лессовые отложения
|
| 610 |
1 |
|
|a конгрессы
|
| 675 |
|
|
|a 551.79(063)
|v 3
|
| 702 |
|
1 |
|a Яншин
|b А. Л.
|4 340
|
| 712 |
0 |
2 |
|a Академия наук Молдавской ССР (АН МССР)
|b Отдел географии
|b Комиссия по изучению четвертичного периода
|2 stltpush
|3 (RuTPU)RU\TPU\col\85
|
| 712 |
1 |
2 |
|a Международный геологический конгресс
|b конгресс
|d 28
|e Вашингтон
|f 1989
|
| 801 |
|
1 |
|a RU
|b 63413507
|c 20140226
|
| 801 |
|
2 |
|a RU
|b 63413507
|c 20140314
|g RCR
|
| 942 |
|
|
|c BK
|